[Event "20th Cvijet Mediterana 2020"]
[Site "Rijeka"]
[Date "2020.03.03"]
[Round "4.1"]
[White "Vujnovic, Patricija"]
[Black "Smirnova, Ekaterina"]
[Result "0-1"]
[WhiteElo "2103"]
[BlackElo "2266"]
[Annotator "TA"]
[PlyCount "121"]
[EventDate "2020.03.01"]
[EventType "tourn"]
[EventCountry "CRO"]
[SourceTitle "playchess.com"]
[Source "ChessBase"]
[SourceQuality "1"]

{[%evp 13,121,13,51,10,12,6,16,17,11,15,37,0,0,-3,0,0,0,10,11,13,29,4,8,0,0,-3,0,0,0,0,0,0,0,0,0,0,0,0,0,-13,-13,-13,-13,-13,-13,-19,-4,-4,-11,-11,-12,-2,-2,-4,0,-72,-69,-54,-14,-70,-64,-100,-100,-100,-100,-91,-8,-8,-8,-8,0,-158,-158,-232,-202,-159,-199,-1239,-1299,-1096,-1262,-1000,-1302,-1138,-1159,-876,-841,-6203,-834,-834,-827,-827,-826,-818,-800,-29960,-5122,-29980,-29981,-29986,-29987,-29987,-29988,-29988,-29989,-29989,-29990,-29991,-29992,-29995]} 1. d4 d5 2. c4 c6 3. cxd5 cxd5 4. Nc3 Nc6 5. Nf3 Nf6 6. Bf4 Bf5 7. e3 Qb6 (7... e6 {with more complications.} 8. Be2 Bb4 9. Nh4 Be4 10. O-O h6) 8. Bd3 {D14: Slav Defence: Exchange variation with ...Bf5.} (8. Bb5 {seems wilder.} e6 9. O-O Bg4 10. Bd3 Nh5 11. Be5) 8... Bxd3 9. Qxd3 e6 10. O-O {The position is equal.} Be7 11. Rfc1 O-O 12. Ne5 (12. Na4 $5 {[%cal Ra4b6]} Qd8 13. a3 $11) 12... Nxe5 13. Bxe5 {[#]} Rac8 $146 ({Predecessor:} 13... Nd7 14. Bg3 a6 15. a3 Rfc8 16. Na4 Qa5 17. Qd1 b5 18. Nc5 Nxc5 19. dxc5 b4 20. axb4 Qxb4 {1-0 (29) Kalousek,V-Pcola,P (2305) Sala 1995}) 14. Na4 Qb4 15. Bxf6 Bxf6 16. Nc5 Rfd8 17. a3 Qb6 18. Rc3 Rc7 19. b4 Rdc8 20. Rac1 Be7 21. g3 g6 22. Kg2 a6 23. Na4 Qd6 24. Rxc7 Rxc7 25. Rxc7 Qxc7 26. Qc3 (26. Nc5 {looks sharper.} Qc6 27. Qc2 Kf8 28. Kf3 Ke8 29. Qb3) 26... Qxc3 27. Nxc3 $11 {[%mdl 4096] Endgame KB-KN} Kf8 28. Kf3 Ke8 29. Ke2 a5 30. Na2 $1 Kd7 31. Kd3 Kc6 32. Kc3 axb4+ 33. axb4 h5 34. Nc1 (34. Kb3 $11 {remains equal.}) 34... Kb5 $1 $17 35. Nd3 Bd6 36. h3 ({White should try} 36. f4 $1 $11) 36... b6 37. Kb3 {[#]} g5 $1 38. g4 hxg4 39. hxg4 Bh2 (39... f5 $17 40. f3 fxg4 41. fxg4 Bg3) 40. Ne5 $11 f6 41. Nd7 Bg1 42. Nxf6 $2 {Black converts the advantage convincingly.} (42. e4 $11) 42... Bxf2 $17 43. e4 (43. Nd7 $17) 43... Bxd4 $19 44. Nh7 {[#]} Be3 $1 ({And not} 44... dxe4 45. Nxg5 e3 46. Nxe6 $11) 45. Nf8 $2 (45. Kc3) 45... dxe4 46. Nxe6 Kc6 47. Kc4 b5+ 48. Kc3 Kd6 49. Ng7 Ke5 50. Nf5 Bf2 (50... Bb6 $142 51. Kd2 Kf4) 51. Kd2 Bd4 52. Kc2 Bb6 53. Kd2 Kf4 {aiming for ...Kf3.} 54. Nd6 Kf3 55. Nf7 Be3+ {Black mates.} 56. Ke1 Bf4 57. Nh6 Bg3+ 58. Kd2 e3+ 59. Kd3 e2 60. Nf5 e1=Q 61. Kd4 {Accuracy: White = 65%, Black = 89%.} 0-1

[Event "20th Cvijet Mediterana 2020"]
[Site "Rijeka"]
[Date "2020.03.03"]
[Round "4.2"]
[White "Medic, Mirjana"]
[Black "Doluhanova, Evgeniya"]
[Result "1/2-1/2"]
[WhiteElo "2210"]
[BlackElo "2258"]
[Annotator "ChessBase"]
[PlyCount "60"]
[EventDate "2020.03.01"]
[EventType "tourn"]
[EventCountry "CRO"]
[SourceTitle "playchess.com"]
[Source "ChessBase"]
[SourceQuality "1"]
[TimeControl "5400+30"]

1. d4 Nf6 2. Nf3 b6 3. c4 e6 4. a3 Bb7 5. Nc3 d5 6. Bg5 Be7 7. e3 O-O 8. Rc1 Nbd7 9. cxd5 exd5 10. Bd3 Ne4 11. Bxe7 Qxe7 12. O-O Ndf6 13. Qe2 Rac8 14. b4 c5 15. bxc5 bxc5 16. dxc5 Rxc5 17. Qb2 Rfc8 18. Ne2 Rxc1 19. Rxc1 Rxc1+ 20. Nxc1 Ng4 21. Bxe4 dxe4 22. Nd4 Qc7 23. g3 Ne5 24. Nce2 h6 25. Kg2 Nd3 26. Qb5 Ne1+ 27. Kf1 Nf3 28. Kg2 Ne1+ 29. Kf1 Nf3 30. Kg2 Ne1+ 1/2-1/2

[Event "20th Cvijet Mediterana 2020"]
[Site "Rijeka"]
[Date "2020.03.03"]
[Round "4.3"]
[White "Spiranec, Noemi"]
[Black "Radikovic, Anamarija"]
[Result "1-0"]
[WhiteElo "2083"]
[BlackElo "1996"]
[Annotator "TA"]
[PlyCount "113"]
[EventDate "2020.03.01"]
[EventType "tourn"]
[EventCountry "CRO"]
[SourceTitle "playchess.com"]
[Source "ChessBase"]
[SourceQuality "1"]

{[%evp 20,113,28,16,32,32,29,27,34,34,38,32,43,27,46,35,135,28,28,0,129,129,414,410,403,406,384,153,156,109,119,112,126,116,141,100,125,107,120,123,125,110,104,8,8,8,8,9,8,0,0,0,0,0,0,0,0,0,0,0,0,0,0,0,0,0,0,0,0,0,0,0,0,0,61,41,93,95,676,693,1185,1130,648,596,672,427,640,618,1139,1012,1591,1509,1995,1794,29980,29982]} 1. e4 c5 2. Nf3 d6 3. Bb5+ Bd7 4. Bxd7+ Nxd7 5. c4 g6 6. d4 cxd4 7. Nxd4 Bg7 8. O-O Ngf6 9. Nc3 O-O 10. Be3 Rc8 11. b3 Qa5 {B52: Sicilian: Moscow Variation with 3...Bd7.} 12. Rc1 Rfe8 13. f3 a6 {White has an edge.} 14. Qd2 Ne5 15. Rfd1 Nc6 16. Nde2 {[#]} h5 $146 ({Predecessor:} 16... Nd7 17. Nd5 Qxd2 18. Rxd2 a5 19. Nec3 Bxc3 20. Nxc3 Nb4 21. Rcd1 f6 {½-½ (31) Mirzoev,A (2563)-Guseinov,G (2591) Baku 2011}) 17. Nf4 b5 ({Better is} 17... Nd7 $14) 18. Ncd5 (18. cxb5 $16 axb5 19. Ncd5 Nxd5 20. Nxd5 (20. Qxd5 Ne5 $11)) 18... Qxd2 $11 19. Rxd2 {[#] Hoping for cxb5.} (19. Bxd2 {with more complications.} Nxd5 20. cxd5 Bd4+ 21. Kf1 Ne5 22. Rxc8 Rxc8 23. Rc1) 19... bxc4 (19... Nxd5 $11 {keeps the balance.} 20. cxd5 (20. Rxd5 Nb4 $11) (20. Nxd5 Ne5 $11) 20... Nb4 21. Rxc8 Rxc8) 20. Rxc4 $16 Nxd5 $4 {[%mdl 8192]} (20... Nd7 $16 {was called for.}) 21. Nxd5 $18 ({And not} 21. exd5 Ne5 $11) 21... e6 22. Nb6 $1 {[%csl LRc8,LRd6]} d5 23. exd5 $2 ({Less strong is} 23. Nxc8 dxc4 24. Nd6 c3 $16) (23. Rc1 $18 {has better winning chances.} d4 24. Bf4 (24. Nxc8 dxe3 25. Rd6 Nd4 $16)) 23... exd5 $16 24. Rxd5 Rb8 25. Bf2 Ne5 26. Rc7 Rbd8 27. Bh4 Rxd5 28. Nxd5 Nd3 29. Be7 Be5 30. Rc4 f5 31. f4 (31. g3 $16) 31... Nxf4 $1 $11 32. Nxf4 Bxf4 33. Rxf4 {[#] And now Bg5 would win.} Rxe7 {[%mdl 4096] Endgame KR-KR} 34. Ra4 Re6 35. h4 Kf7 36. Kf2 Kf6 37. Kf3 g5 38. hxg5+ Kxg5 39. g3 Rc6 40. Rc4 Rd6 41. Rc3 Rb6 42. Rc8 Rd6 43. Rc3 Rd2 44. a3 {[%cal Ba2a3,Ba3a4,Ba4a5][%mdl 32]} Rd6 45. b4 {[%cal Bb3b4,Bb4b5,Bb5b6][%mdl 32]} Rb6 46. Rb3 Kf6 (46... Rf6 $11) 47. a4 $1 $14 Ke5 (47... Ke7 $14) 48. b5 $16 {Black must now prevent a5.} Kd4 $2 {[%mdl 8192]} (48... Kd6 $16) 49. a5 $18 Rb8 50. b6 Ke5 51. Re3+ Kd4 52. Re7 Kc4 (52... Kc5 $142 53. Re5+ Kd6 54. Rxf5 Rh8) 53. Kf4 Kb4 54. Re5 Rh8 55. Kxf5 h4 56. gxh4 Rxh4 57. Re4+ {Accuracy: White = 76%, Black = 49%.} 1-0

[Event "20th Cvijet Mediterana 2020"]
[Site "Rijeka"]
[Date "2020.03.03"]
[Round "4.4"]
[White "Hrescak, Ivana"]
[Black "Dordzhieva, Dinara"]
[Result "0-1"]
[WhiteElo "2182"]
[BlackElo "2340"]
[Annotator "TA"]
[PlyCount "92"]
[EventDate "2020.03.01"]
[EventType "tourn"]
[EventCountry "CRO"]
[SourceTitle "playchess.com"]
[Source "ChessBase"]
[SourceQuality "1"]

{[%evp 17,92,0,0,0,0,-21,0,0,0,0,0,0,0,-18,21,-20,-12,-14,0,-17,-17,-35,-12,-17,-24,-34,-12,-10,-7,-38,-47,-78,-45,-88,-88,-91,-88,-89,-88,-94,-89,-102,-98,-256,-251,-604,-601,-598,-580,-582,-576,-574,-572,-584,-543,-1162,-1162,-1095,-1043,-1055,-918,-977,-930,-4806,-1344,-1249,-1120,-29958,-29962,-6395,-5712,-29978,-29975,-29976,-29978,-29974,-29974]} 1. d4 d5 2. c4 dxc4 3. Nf3 Nf6 4. e3 e6 5. Bxc4 c5 6. O-O a6 7. Bd3 Nc6 8. Nc3 cxd4 9. exd4 Be7 10. h3 {D27: Queen's Gambit Accepted: Classical main line: 7 e4!? and 7 a4.} O-O 11. a3 {[#]} b6 $146 ({Predecessor:} 11... b5 12. Bg5 Bb7 13. Rc1 g6 14. Bb1 Rc8 15. Ba2 Na5 16. Qe2 Nc4 {0-1 (54) Sukandar,I (2378)-Yan,T (2036) Xingtai 2019}) 12. Be3 {The position is equal.} Bb7 13. Rc1 Rc8 14. Qe2 b5 15. Rfd1 Nd5 16. Nxd5 Qxd5 17. b4 Rfd8 18. Qb2 Nb8 19. Bf1 Nd7 20. Rxc8 Rxc8 21. Rc1 Rd8 22. Ne5 Bf6 {[%cal Rd7e5]} 23. Nxd7 Qxd7 24. Rc5 h6 {[%cal Rf6d4]} ({Not} 24... Bxd4 $2 25. Qxd4 Qxd4 26. Bxd4 $18) 25. Qc2 {[#]} Qd6 $1 26. a4 bxa4 27. Qxa4 Bxd4 28. Bxd4 Qxd4 29. Rc7 Qe4 30. Rc4 $2 {White does not recover from this.} (30. Rc1 $17) 30... Qe1 $19 {...Rd1 is the strong threat.} 31. Qc2 $2 (31. Rc7 Rd1 {[#]} 32. Qxd1 $1 {[%mdl 512]} Qxd1 33. Rxb7) 31... Rd2 32. Rc8+ Bxc8 33. Qxc8+ {[%mdl 4096] Endgame KQR-KQB} Kh7 34. Qc5 Rb2 35. Qa7 f5 36. Qe3 Qxe3 37. fxe3 Rxb4 38. Bxa6 {KR-KB} Kg6 39. Be2 Rb2 40. Kf2 Kf6 (40... Kg5 $142 41. g3 Kf6) 41. Kf3 g5 42. g4 Ke5 43. Bc4 Rc2 44. Be2 Rc3 {Black mates.} 45. Kf2 f4 46. exf4+ Kxf4 {Accuracy: White = 54%, Black = 85%.} 0-1

[Event "20th Cvijet Mediterana 2020"]
[Site "Rijeka"]
[Date "2020.03.03"]
[Round "4.5"]
[White "Unuk, Laura"]
[Black "Geller, Anastasiya"]
[Result "1-0"]
[WhiteElo "2377"]
[BlackElo "2161"]
[Annotator "TA"]
[PlyCount "51"]
[EventDate "2020.03.01"]
[EventType "tourn"]
[EventCountry "CRO"]
[SourceTitle "playchess.com"]
[Source "ChessBase"]
[SourceQuality "1"]

{[%evp 12,51,22,17,22,26,77,74,75,62,106,87,114,100,106,97,155,137,138,84,99,89,97,97,96,82,98,95,103,85,300,300,307,285,292,288,396,391,443,442,423,421]} 1. d4 d5 2. c4 e6 3. Nc3 Nf6 4. cxd5 exd5 5. Bg5 Be7 6. e3 c6 7. Qc2 g6 {D36: Queen's Gambit Declined: Exchange Variation: Main line (5 Bg5 c6 6 Qc2).} 8. Bd3 Nh5 (8... O-O $11) 9. Bxe7 $16 Kxe7 {[#] White is better.} 10. h3 $146 ({Predecessor:} 10. Nge2 Re8 11. f3 Kf8 12. e4 Be6 13. O-O Nd7 14. Qd2 Kg8 15. e5 Ng7 16. Ng3 {1-0 (27) Cabrera Pino,A (2510)-Franco Alonso,A (2463) Salou 2012}) 10... Be6 11. Nge2 Re8 12. g4 Ng7 13. O-O-O Qa5 (13... Kf8 $142) 14. f4 Na6 15. Qd2 (15. a3 $142) 15... Kd7 16. f5 gxf5 17. Rdf1 {[%cal Rg4f5]} fxg4 18. hxg4 Rh8 19. Nf4 Raf8 20. Rh6 $36 {[%mdl 2048] White is in control.} Ne8 $2 {[#] A mistake that costs the game.} (20... Nb4 $16) 21. Qh2 $18 Nac7 22. Rxh7 ({Less strong is} 22. Nxe6 Nxe6 23. Qh5 Qb4 $16) 22... Rxh7 23. Qxh7 Nd6 {[#]} 24. g5 $1 Kc8 25. g6 fxg6 26. Qe7 {[%mdl 64] Double Attack. Accuracy: White = 95%, Black = 61%.} 1-0

[Event "20th Cvijet Mediterana 2020"]
[Site "Rijeka"]
[Date "2020.03.04"]
[Round "5.1"]
[White "Geller, Anastasiya"]
[Black "Vujnovic, Patricija"]
[Result "1-0"]
[WhiteElo "2161"]
[BlackElo "2103"]
[Annotator "TA"]
[PlyCount "179"]
[EventDate "2020.03.01"]
[EventType "tourn"]
[EventCountry "CRO"]
[SourceTitle "playchess.com"]
[Source "ChessBase"]
[SourceQuality "1"]

{[%evp 19,178,17,33,15,43,41,40,43,62,54,97,36,42,31,37,38,35,33,25,0,0,5,12,16,8,10,26,0,10,0,19,30,78,0,2,0,14,0,-3,-10,-27,-25,16,-18,0,-16,9,-27,0,0,0,0,0,0,0,0,8,0,0,0,26,-55,-66,-47,0,0,0,0,0,-50,-52,-68,-74,-80,-64,-81,0,-64,-27,-33,0,0,0,0,0,0,0,0,0,0,0,0,0,1,6,0,0,0,0,0,0,0,0,0,0,0,0,0,408,383,336,257,548,494,451,449,467,441,322,394,29977,29977,29977,29979,29974,29976,29978,29979,29979,29980,29980,29974,29975,29976,29976,29977,29978,29979,29979,29980,29982,29983,29983,29982,29982,29982,29957,0,29981,29982,29984,29985,29985,29986,29985,29986,29993,29994,29996,29997,29999]} 1. Nf3 Nf6 2. c4 e6 3. g3 d5 4. Bg2 Be7 5. O-O O-O 6. d4 dxc4 7. Ne5 Nc6 8. Bxc6 bxc6 9. Nxc6 Qe8 10. Nxe7+ Qxe7 11. Nc3 {E05: Open Catalan: 5 Nf3 Be7.} e5 12. dxe5 Qxe5 13. Bf4 {[#] White is slightly better.} Qh5 $146 ({Predecessor:} 13... Qc5 14. Qd2 Bb7 15. Rad1 Rfe8 16. Qd4 Qc6 17. f3 Re7 18. Be5 Rd7 19. Qh4 Nd5 {1-0 (43) Predke,A (2657)-Ganguly,S (2658) Linares 2019}) 14. Qd4 Be6 15. f3 (15. Bxc7 $16 Nd5 16. Nxd5 (16. Qxc4 Ne3 $15) 16... Qxd5 17. Qxd5 Bxd5 18. Rfd1) 15... Rfd8 $14 16. Qf2 Qa5 17. Rfd1 h6 18. a3 Rab8 19. Kg2 Rxd1 20. Nxd1 Nd5 21. Be5 Rb3 $132 {[%mdl 2048] Black is fighting back} 22. Bd4 Nb6 23. Bc3 (23. a4 $5) 23... Qd5 24. a4 c5 25. Qe3 Qd7 26. Qd2 (26. Qe5 $16 {[%csl Gc3][%cal Re5g7]} f6 27. Qxc5) 26... Nd5 27. Ba5 Qb7 28. Rc1 Qa6 29. Nf2 Nb4 30. Bc7 Nd5 31. Be5 Qxa4 32. Ne4 Qb4 33. Bc3 Nxc3 34. Qd8+ Kh7 35. bxc3 Qb6 36. Qe7 Rb2 37. Kf2 Qc6 38. Qxa7 Bf5 39. Nxc5 Qd5 40. Ne4 ({Better is} 40. Qe7 $11) 40... Bxe4 $15 41. fxe4 Qxe4 {[%mdl 4096] Endgame KQR-KQR} 42. Qe3 Qf5+ 43. Qf3 Qh3 44. Kg1 Qe6 45. Kf2 Rb5 $1 {[%cal Rb5f5] [#] aiming for ...Rf5.} 46. g4 Qe5 47. Qg3 Qe6 48. Qf3 Re5 49. Rd1 Re4 50. Rd4 Re5 51. Rf4 f6 52. Rd4 Qb6 53. h3 Qe6 54. e3 Qa6 55. Qe2 Ra5 56. Qxc4 Qb7 57. Qd3+ f5 $1 {Strongly threatening ...Ra2+.} 58. e4 Ra2+ 59. Kf3 Qb2 {[%csl Ga2][%cal Rb2f2]} ({Don't play} 59... fxg4+ 60. Kg3 $16) 60. exf5 Qg2+ 61. Kf4 {Intending f6+ and mate.} Qh2+ 62. Ke4 {Hoping for f6!} Re2+ 63. Kd5 {f6+ is the strong threat.} Re5+ $2 {[%mdl 8192] Black is now going downhill.} (63... Re8 $11 {and Black stays safe.} 64. Kc6 Rc8+ 65. Kb5 Rb8+ 66. Kc6 Rc8+ 67. Kd5 Kh8) 64. Kc6 $18 {Black must now prevent f6+.} Qg2+ 65. Rd5 Rxd5 $2 (65... Re8 66. f6+ Kg8) 66. Qxd5 Qxh3 {[#] KQ-KQ} 67. c4 $1 Qxg4 {intending ...h5.} 68. c5 Qa4+ 69. Kd6 Qf4+ $2 (69... Qe8 $18 70. c6 Qd8+ 71. Ke5 Qf6+ 72. Ke4 Qh4+ 73. Kd3 h5) 70. Kd7 Qa4+ 71. c6 h5 72. Qd3 Kh6 73. Qd6+ Kg5 74. Ke7 Qe4+ 75. Qe6 Qf4 76. Qg6+ Kh4 77. Kd7 Qd4+ 78. Qd6 Qa4 79. Kd8 Kg4 80. c7 Qa5 81. Qe6 Kf4 82. Kd7 Qa7 83. Kd8 Qa5 84. Qd7 {White mates.} h4 85. Ke8 Qe5+ 86. Kf7 Qf6+ 87. Kg8 g5 88. c8=Q h3 89. Qc4+ Ke5 90. Qdd5# {Accuracy: White = 89%, Black = 75%.} 1-0

[Event "20th Cvijet Mediterana 2020"]
[Site "Rijeka"]
[Date "2020.03.04"]
[Round "5.2"]
[White "Dordzhieva, Dinara"]
[Black "Unuk, Laura"]
[Result "1-0"]
[WhiteElo "2340"]
[BlackElo "2377"]
[Annotator "TA"]
[PlyCount "83"]
[EventDate "2020.03.01"]
[EventType "tourn"]
[EventCountry "CRO"]
[SourceTitle "playchess.com"]
[Source "ChessBase"]
[SourceQuality "1"]

{[%evp 9,83,22,75,65,68,68,93,67,86,43,117,114,91,100,166,154,137,155,154,38,139,118,116,107,116,67,99,81,187,172,189,122,153,105,360,355,433,452,546,539,759,755,779,773,698,698,689,691,669,668,749,743,3609,3277,2128,1221,1879,1590,29981,29979,29986,2614,29992,29989,29989,29989,29990,29986,29986,29987,29989,29990,29990,29991,29991,29992]} 1. Nf3 Nf6 2. g3 d5 3. Bg2 c6 4. c4 dxc4 5. O-O Bg4 (5... Nbd7 $11 {keeps the balance.}) 6. Na3 $16 {[%mdl 1024] White has strong compensation. A11: English Opening: 1...c6.} Qd5 7. Qc2 Be6 {[#]} 8. Ne1 $146 {White is better.} ({Predecessor:} 8. b3 cxb3 9. axb3 Qd8 10. e4 Bc8 11. d4 e6 12. Nc4 Be7 13. e5 Nd5 14. Ng5 Bxg5 {0-1 (46) Cvorovic,D (2453)-Sulava,N (2540) Sibenik 2009}) 8... Qh5 9. e4 Ng4 (9... b5 $14) 10. h3 $1 {[%cal Rh3g4]} Nf6 {[#]} 11. g4 $1 {[%cal Rg4h5]} Bxg4 (11... Qa5 $16) 12. hxg4 $18 Nxg4 {[%csl Gg4][%cal Rh5h2]} 13. Nf3 b5 14. d4 (14. d3 $16) 14... e6 ({Better is} 14... e5 $14) 15. Bf4 Be7 16. d5 O-O 17. d6 Bd8 18. Qe2 {Black must now prevent e5.} g5 {[#]} (18... Nd7 $16) 19. Bg3 $1 $36 {[%mdl 2048] White is on the roll.} Bb6 20. Rad1 ({White should play} 20. Nc2 $18) 20... Nd7 $16 {intending ...f5.} 21. Nh2 f5 $2 {[%mdl 8192] Black cannot hold the game after this.} (21... Ngf6 $16 {might work better.} 22. Bf3 Qg6) 22. exf5 $18 {[%mdl 64] Discovered Attack} exf5 23. Nxg4 fxg4 24. Qe6+ Rf7 {[#]} 25. Nxb5 $1 {[%mdl 512]} Nc5 (25... cxb5 26. Bxa8) 26. Qe2 Raf8 27. Nd4 Nd3 28. Rxd3 cxd3 29. Qxd3 Qh6 30. Nxc6 {Threatens to win with Bd5.} Qe6 31. Bd5 {[%mdl 64] Skewer} Qf6 32. Bxf7+ Rxf7 33. Ne5 Rg7 34. Qd5+ Kh8 35. Nxg4 (35. Rc1 $142 Qf5 36. d7 h5 37. Rc8+ Kh7 38. Qa8 Kh6 39. Rc6+ Kh7 40. Qe8) 35... Qf8 36. Be5 {White mates.} h5 37. Bxg7+ Qxg7 38. Ne5 g4 39. d7 g3 40. d8=Q+ Bxd8 41. Qxd8+ Kh7 42. Qd3+ {Accuracy: White = 66%, Black = 34%.} 1-0

[Event "20th Cvijet Mediterana 2020"]
[Site "Rijeka"]
[Date "2020.03.04"]
[Round "5.3"]
[White "Radikovic, Anamarija"]
[Black "Hrescak, Ivana"]
[Result "0-1"]
[WhiteElo "1996"]
[BlackElo "2182"]
[Annotator "TA"]
[PlyCount "86"]
[EventDate "2020.03.01"]
[EventType "tourn"]
[EventCountry "CRO"]
[SourceTitle "playchess.com"]
[Source "ChessBase"]
[SourceQuality "1"]

{[%evp 17,86,0,27,11,-9,-3,36,-16,39,-22,-29,-50,-4,-32,5,-28,-25,-72,-61,-51,-50,-74,-42,-34,-27,-54,48,74,94,-23,-27,-45,177,176,177,170,133,84,75,59,56,31,64,-5,104,105,110,58,70,-45,-39,-45,-35,-75,0,0,0,0,-3,-19,-21,-23,-23,-53,-25,-38,-55,-64,-2,-2401,-2075]} 1. c4 Nf6 2. Nf3 g6 3. g3 Bg7 4. Bg2 d6 5. O-O O-O 6. Nc3 e5 7. d3 c6 8. Rb1 Re8 9. b4 {[%cal Bb2b4,Bb4b5][%mdl 32]} d5 10. b5 {A24: English Opening vs King's Indian: Lines without ...Nc6.} d4 11. Na4 {[#]} Qd6 $146 ({Predecessor:} 11... Qc7 12. e3 cxb5 13. Rxb5 dxe3 14. Bxe3 Bd7 15. Rb1 Bc6 16. Nc3 a6 17. Qb3 Nbd7 {1-0 (47) Spoelman,W (2583)-Socko,B (2617) Germany 2015}) 12. Qb3 (12. Nd2 $14) 12... c5 (12... cxb5 $11 13. Qxb5 Na6) 13. Ba3 ({White should try} 13. e3 $14) 13... Nbd7 $11 14. Nd2 Kh8 15. h3 h5 16. Qc2 Rb8 17. b6 axb6 18. Rb5 Ra8 19. Qb3 {[%cal Ra4b6]} Qc7 20. Rb1 {[%cal Ra4b6]} Re6 21. Bd5 Nxd5 (21... Rd6 $15) 22. cxd5 $14 Re8 23. Nxb6 (23. Ne4 $16) 23... Nxb6 $11 24. Rxb6 Rd8 $2 (24... Qd7 $1 $15) 25. Ne4 $18 Bf8 {next ...c4 is good for Black.} 26. Bc1 f5 27. Ng5 {Strongly threatening d6!} Rd6 28. Rxd6 Bxd6 29. a3 Rb8 30. Qa4 (30. Qb6 $14 Kg7 31. h4) 30... Bd7 {[#]} (30... b6 $11 {keeps the balance.}) 31. Qa7 $1 $16 Kg7 32. Qb6 (32. Rb6 $16) 32... Bc8 33. Qb2 (33. a4 $14) 33... b5 $15 34. Qd2 {Ne6+ is the strong threat.} Kg8 35. h4 c4 (35... Qa7 $17) 36. dxc4 $1 $11 bxc4 37. Rxb8 Qxb8 38. Qa5 {And now Qd8+ would win.} Qc7 39. Qa4 {Threatens to win with Qe8+.} Bd7 $36 {[%mdl 2048] Black is pushing.} 40. Qa8+ Qc8 41. Qa7 c3 42. a4 c2 {[#]} ({Black should play} 42... Bc5 $15 43. Qa5 Bd6) 43. a5 $2 {[%mdl 8192]} (43. Ne6 $1 $11 {[%mdl 512]}) 43... Bc5 {What a bad dream for White. Accuracy: White = 47%, Black = 50%.} 0-1

[Event "20th Cvijet Mediterana 2020"]
[Site "Rijeka"]
[Date "2020.03.04"]
[Round "5.4"]
[White "Doluhanova, Evgeniya"]
[Black "Spiranec, Noemi"]
[Result "1/2-1/2"]
[WhiteElo "2258"]
[BlackElo "2083"]
[Annotator "TA"]
[PlyCount "149"]
[EventDate "2020.03.01"]
[EventType "tourn"]
[EventCountry "CRO"]
[SourceTitle "playchess.com"]
[Source "ChessBase"]
[SourceQuality "1"]

{[%evp 9,149,18,16,14,91,89,92,88,98,53,58,20,20,6,21,7,16,8,8,-61,37,37,41,35,33,35,45,42,42,45,44,45,45,45,46,39,47,44,46,46,51,43,44,44,45,44,47,47,47,47,47,47,48,47,46,48,49,49,49,39,42,42,50,42,42,42,42,40,47,47,42,42,47,47,59,59,59,59,59,59,66,66,66,66,66,66,66,66,66,66,66,57,57,50,50,50,50,50,50,50,50,50,50,50,50,50,50,50,50,50,50,50,62,50,50,50,50,50,50,50,50,50,68,68,68,68,68,68,68,68,68,68,68,68,68,68,68,68,68,68,69,69]} 1. Nf3 Nf6 2. b3 d5 3. Bb2 c5 4. e3 Bg4 5. h3 Bxf3 6. Qxf3 {A06: Réti Opening: 1 Nf3 d5.} Nbd7 {[#]} (6... Nc6 $11) 7. c4 $146 ({Predecessor:} 7. g4 e6 8. Nc3 Ne5 9. Qg3 Bd6 10. Bb5+ Nfd7 11. Qg2 a6 12. Be2 b5 13. g5 {½-½ (28) Strekalovski,V (2016)-Samarth,J (1268) Bratislava 2015}) 7... e6 8. cxd5 {White is better.} Nxd5 9. Nc3 Nb4 10. Qd1 (10. Rc1 {is more complex.} a6 11. Qxb7 Ne5 12. Qe4 Ned3+ 13. Bxd3 Nxd3+ 14. Ke2) 10... Be7 11. Be2 O-O 12. O-O Ne5 13. d4 cxd4 14. Nb5 (14. exd4 $11 Nec6 15. a3) 14... Nec6 ({Better is} 14... d3 $15 15. Bxe5 Qd5 {[%mdl 64] Double Attack} 16. Bxg7 Qxb5 17. Bxd3 Nxd3 18. Bxf8 Kxf8) 15. Nxd4 $14 {White is slightly better.} Nxd4 16. Bxd4 Nc6 17. Bb2 Qxd1 18. Rfxd1 Rfd8 19. Bf3 Rxd1+ 20. Rxd1 {aiming for Rd7.} Rd8 21. Rxd8+ Nxd8 {[%mdl 4096] Endgame KBB-KBN} 22. Bd4 a6 23. Kf1 Kf8 24. Ke2 f6 25. Be4 g6 26. Bb6 Ke8 27. Kd3 Kd7 28. Bxd8 Kxd8 29. Bxb7 {KB-KB} a5 $1 30. Kc4 Kc7 31. Ba6 Bb4 32. Kb5 Be1 33. f3 Bd2 34. e4 Be1 35. a3 Bd2 36. b4 axb4 37. axb4 Be3 38. Kc4 Bb6 39. Bb5 Bf2 40. Be8 Be3 41. Kd3 Bb6 42. f4 Kd6 43. Bf7 e5 44. f5 g5 45. Kc4 Kc6 46. Be8+ Kd6 47. Kb5 Kc7 48. Bh5 h6 49. Bd1 Be3 50. Ba4 h5 51. h4 gxh4 52. Ka6 Bb6 53. Be8 Be3 54. Bxh5 Bf2 55. Kb5 Be3 56. Kc4 Kd6 57. Kd3 Bg5 58. Be8 Ke7 59. Ba4 Kd6 60. Bb5 Kc7 61. Kc4 Kd6 62. Ba4 Be3 63. Be8 Ke7 64. Bc6 Kd6 65. Ba8 Kc7 66. Kd5 Kb6 67. Bc6 Bd2 68. Be8 Be3 69. Kd6 Bd2 70. Ke7 Bg5 71. Ke6 Ka6 72. Kd6 Kb6 73. Bd7 Bd2 74. Ba4 Be3 75. Ke6 {Accuracy: White = 95%, Black = 94%.} 1/2-1/2